000 00400 a2200157 4500
001 169126
020 _a
040 _cMagnum
100 _aMachado, Nilson Jose
240 1 0 _aMatematica e lingua materna: analise de uma impregnacao mutua
_lpor
245 1 0 _aMatematica e lingua materna: analise de uma impregnacao mutua
362 0 _a1899
440 1 _aCortez
697 _aGERAL
942 _cBK
999 _c169126
_d169126